000 00367nam a2200145Ia 4500
008 230917s9999||||xx |||||||||||||| ||und||
040 _e51811
_aMAIN
041 _aEnglish
082 _aB N315A:F
100 _aApsler, Alfred
245 0 _aFighter for independence: Jawaharlal Nehru
260 _aNew York
_bJuluan Messner
_c1964
300 _a191 p.
942 _cBK
999 _c175495
_d175495